000 00304nam a2200121Ia 4500
008 191201s2016 xx 000 0 und d
100 _aSUKHIJA, MS
245 0 _aCircuits and Networks Analysis Design and Synthesis
260 _bOxford
_c2016
300 _a1000
650 _aB.Tech(ECE)
942 _2ddc
_cBK
999 _c7081
_d7081